00433nam a2200181Ia 4500003000400000008004100004040001600045082001300061100002200074245003500096700001900131260003300150300001100183490001900194650001000213650001300223650001500236GCL140319s9999 xx 000 0 eng d aGCL / cGCL04a745bY F1 aMURRAY,PATRICK R10aFOLK ART / cMURRAY,PATRICK R1 aYOSHIDA, SHOYA a[S.N] : bHAIKUSHA ، c1992 a134 PP aCOLER BOOKSv004aJAPAN04aFOLKLORE04aART, JAPAN